| 000 | 00645nam a2200241Ia 4500 | ||
|---|---|---|---|
| 003 | OSt | ||
| 005 | 20221007082317.0 | ||
| 006 | a|||||r|||| 00| 0 | ||
| 007 | ta | ||
| 008 | 221006b |||||||| |||| 00| 0 eng d | ||
| 024 | _a16,385 | ||
| 037 | _cReports / Technical Reports | ||
| 040 |
_aFLL _cFLL _beng |
||
| 041 |
_2eng _aeng |
||
| 082 | _aX81.2qN72t, L2 | ||
| 110 | _aGovt. of india | ||
| 245 | 0 | _aGeneral insurance business (nationalisation) bill, 1972 | |
| 260 | _c1972 | ||
| 300 |
_a54p _ccm. |
||
| 700 | _aGovt. of india | ||
| 942 |
_hX81.2qN72t, L2 _cREP _2CC |
||
| 999 |
_c1166012 _d1166012 |
||